书目信息 |
| 题名: |
《祝福》评析
|
|
| 作者: | 蔡晓峰 编著 | |
| 分册: | ||
| 出版信息: | 沈阳 辽海出版社 2019 |
|
| 页数: | 252页 | |
| 开本: | 21cm | |
| 丛书名: | ||
| 单 册: | ||
| 中图分类: | I210.976 | |
| 科图分类: | ||
| 主题词: | ||
| 电子资源: | ||
| ISBN: | 978-7-5451-5260-9 | |
| 000 | 00973nam0 2200241 450 | |
| 001 | 012001008181 | |
| 005 | 20191028171725.73 | |
| 010 | @a978-7-5451-5260-9@dCNY38.00 | |
| 099 | @aCAL 012019100584 | |
| 100 | @a20190528d2019 em y0chiy50 ea | |
| 101 | 0 | @achi |
| 102 | @aCN@b210000 | |
| 105 | @ay z 000yy | |
| 106 | @ar | |
| 200 | 1 | @a《祝福》评析@A《 zhu fu 》 ping xi@f蔡晓峰编著 |
| 210 | @a沈阳@c辽海出版社@d2019 | |
| 215 | @a252页@d21cm | |
| 330 | @a本书分原著和评析两部分。原著是鲁迅的代表作品。它通过祥林嫂的遭遇, 控诉了封建礼教对人性 (特别是女性) 的压制和迫害, 希望能唤醒国人对封建礼教以及其卫道士、帮凶 (鲁四老爷之流) 的痛恨和愤慨, 以便早日砸烂这个万恶的、没有前途的、行将就木的衰朽的旧世界。本书除了收录原书外, 重点是对原书进行了评论和解读, 以引导读者更好地理解领会原著。 | |
| 605 | @a祝福@Azhu fu@x小说评论 | |
| 690 | @aI210.976@v5 | |
| 701 | 0 | @a蔡晓峰@Acai xiao feng@4编著 |
| 801 | 0 | @aCN@b上海新华@c20191020 |
| 905 | @b1178064-7@dI210.976@e376@f4 | |
| 《祝福》评析/蔡晓峰编著.-沈阳:辽海出版社,2019 |
| 252页;21cm |
| ISBN 978-7-5451-5260-9:CNY38.00 |
| 本书分原著和评析两部分。原著是鲁迅的代表作品。它通过祥林嫂的遭遇, 控诉了封建礼教对人性 (特别是女性) 的压制和迫害, 希望能唤醒国人对封建礼教以及其卫道士、帮凶 (鲁四老爷之流) 的痛恨和愤慨, 以便早日砸烂这个万恶的、没有前途的、行将就木的衰朽的旧世界。本书除了收录原书外, 重点是对原书进行了评论和解读, 以引导读者更好地理解领会原著。 |
| ● |
| 相关链接 |
|
|
|
|
正题名:《祝福》评析
索取号:I210.976/376
 
预约/预借
| 序号 | 登录号 | 条形码 | 馆藏地/架位号 | 状态 | 备注 |
| 1 | 1178064 | 211780642 | 第一样本阅览室/ [索取号:I210.976/376] | 在馆 | |
| 2 | 1178065 | 211780651 | 第二借阅区/ [索取号:I210.976/376] | 在馆 | |
| 3 | 1178066 | 211780660 | 第二借阅区/ [索取号:I210.976/376] | 在馆 | |
| 4 | 1178067 | 211780679 | 第二借阅区/ [索取号:I210.976/376] | 在馆 |